000 00607nam a22002297a 4500
003 UA-OsUOA
001 803
007 ta
008 20050706b un ||||| |||| 00| 0 ukr d
100 _aЛанда Р.Г.
090 _a94(1-11)
_bЛ22
942 _cBK
040 _aUA-OsUOA
_brus
_cUA-OsUOA
_dUA-OsUOA
245 _aСредиземноморье глазами востоковеда
300 _a190 с.
955 _a1
041 _arus
080 _a94(1-11)
260 _aМ.
_bНаука
_c1979
650 7 _a9 Географія. Біографії. Історія
_2UDC
999 _c286966
_d286966